00679nam a22002177a 450000500170000001000190001702000260003602000260006203500140008803500140010203700090011608200100012510000250013524500630016025000060022326000540022927001250028330000250040830000250043370000030045820250708153816.0 aENG-145867-868 c350.00a9789395368568 c900.00a9789395368599 aEN-129399 aEN-129400 bDBAD a158.1 aKhubalkar, Rupashree aKnow Your Stress Manage Your Stress/cRupashree Khulbalkar a1 aNew DelhibNeelkamal Publications Pvt. Ltd.c2024 bNew Delhia4764/1, 23, Ansari Road, Daryaganj, New Delhie110002k011-23244237k+91 9811828953mneelkamalbooks@gmail.com a200 p.c21.6 cm (pb) a200 p.c21.7 cm (hb)